10 Biggest cities in United-Kingdom - Statistics

General Stats
  • This quiz has been taken 168 times
    124 since last reset
  • The average score is 7 of 10
Answer Stats
Population Cities % Correct
9 648 110 London
98%
2 791 005 Manchester
94%
917 032 Liverpool
91%
1 928 661 Leeds / Bradford
75%
1 698 088 Glasgow
72%
823 431 Newcastle upon Tyne
66%
745 876 Sheffield
60%
707 412 Bristol
52%
806 757 Nottingham
51%
951 531 Southampton / Portsmouth
51%
No matching quizzes found
Score Distribution
Percent of People with Each Score
Percentile by Number Answered
Your Score History
You have not taken this quiz since the last reset